[Event "Monarch Assurance"]
[Site "Port Erin IOM"]
[Date "2004.09.26"]
[Round "2"]
[White "Allen,K"]
[Black "Spanton,T"]
[Result "1-0"]
[WhiteElo "2241"]
[BlackElo "2004"]

1.d4 d5 2.c4 Nc6 3.Nc3 e5 4.cxd5 Nxd4 5.Nf3 Nxf3+ 6.exf3 Nf6 7.Bc4 Bd6 8.O-O O-O
9.Re1 Bd7 10.a3 c6 11.Bg5 h6 12.Bxf6 Qxf6 13.Ne4 Qg6 14.dxc6 Bh3 15.g3 Bc7
16.cxb7 Rab8 17.Bd5 Bb6 18.Rc1 Kh8 19.Qb3 f5 20.Rc6 Qh5 21.Nd6 f4 22.Nf7+ Rxf7
23.Bxf7 Qg5 24.Rxb6 fxg3 25.Rg6 gxf2+ 26.Kxf2 Qd2+ 27.Re2 Qd4+ 28.Qe3 Qh4+
29.Rg3 Bf5 30.Qxe5 Qxh2+ 31.Ke3 Rxb7 32.Qxg7+  1-0

[Event "Premier League"]
[Site "Belgrade SCG"]
[Date "2004.09.29"]
[Round "5"]
[White "Lapcevic,M"]
[Black "Krgovic,V"]
[Result "1/2-1/2"]
[WhiteElo "2205"]
[BlackElo "2152"]

1.d4 d5 2.c4 Nc6 3.Nf3 Bg4 4.Nc3 Nf6 5.cxd5 Nxd5 6.e4 Nxc3 7.bxc3 e5 8.d5 Nb8
9.Qb3 Bd6 10.Qxb7 Nd7 11.Qb1 O-O 12.Bd3 Nc5 13.Nd2 Rb8 14.Qc2 Bd7 15.Bc4 f5
16.O-O fxe4 17.Nxe4 Bf5 18.f3 Qh4 19.Qf2 Qxf2+ 20.Nxf2 Na4 21.Be3 Nxc3 22.Rac1 Nb5
23.Ne4 Bxe4 24.fxe4 Nd4 25.Bxd4 exd4 26.e5 Bxe5 27.d6+ Kh8 28.Rxf8+ Rxf8
29.d7 g6 30.Re1 Bf6 31.Re8 Kg7 32.Kf1  1/2-1/2

[Event "79th ch-ARG"]
[Site "Buenos Aires ARG"]
[Date "2004.09.30"]
[Round "8"]
[White "Bielicki,C"]
[Black "Soppe,G"]
[Result "0-1"]
[WhiteElo "2302"]
[BlackElo "2409"]

1.d4 d5 2.c4 Nc6 3.Nf3 Bg4 4.cxd5 Bxf3 5.dxc6 Bxc6 6.Nc3 e6 7.e4 Bb4 8.f3 Qh4+
9.g3 Qf6 10.Be3 O-O-O 11.Qe2 Ne7 12.O-O-O Qg6 13.g4 h5 14.g5 Ba5 15.Bh3 Kb8
16.Rhg1 Bb6 17.Qf2 f5 18.gxf6 Qxf6 19.Qg3 Rhf8 20.f4 g6 21.Qg5 Qf7 22.Rge1 Nc8
23.Bf1 Qg7 24.Qg1 Nd6 25.Bd3 Ba5 26.Bd2 Nc8 27.Be3 Nd6 28.Bd2 a6 29.a3 Bb6
30.Be3 Ba5 31.Bd2 Qf7 32.Kb1 Rg8 33.Rc1 Bb6 34.Be3 Qg7 35.Rcd1 Nf7 36.Bc4 Qf6
37.Rf1 Qe7 38.Qf2 Nd6 39.Bd3 Ba5 40.b4 Bb6 41.Rfe1 Qf7 42.Qe2 Nc8 43.Bc4 Nd6
44.Bd3 Ne8 45.Bc4 Nf6 46.Bg1 Rge8 47.Kb2 Qg7 48.Ka2 Nd5 49.Bxd5 exd5 50.e5 Bd7
51.Be3 Bg4 52.Qg2 Bxd1 53.Rxd1 Qf7 54.Rg1 Rg8 55.Qd2 Qd7 56.Nd1 Qb5 57.Nb2 Rdf8
58.a4 Qd7 59.Rg3 Qf5 60.Nd1 c6 61.Rg5 Qd7 62.Nc3 Bd8 63.Rg1 g5 64.fxg5 Rf3
65.Rb1 Qh3 66.Nd1 Rxg5 67.Bxg5 Ra3+ 68.Kb2 Qb3+ 69.Kc1 Qc4+  0-1

[Event "36th Olympiad"]
[Site "Calvia ESP"]
[Date "2004.10.18"]
[Round "4"]
[White "Amir,K"]
[Black "Munanira,I"]
[Result "0-1"]
[WhiteElo "2250"]
[BlackElo "2200"]

1.d4 d5 2.c4 Nc6 3.Nf3 Bg4 4.e3 e6 5.Nc3 Nf6 6.Qb3 Rb8 7.Ne5 Nxe5 8.dxe5 Nd7
9.cxd5 exd5 10.Qxd5 Be6 11.Qa5 Bc5 12.f4 O-O 13.Be2 Qh4+ 14.g3 Qh3 15.Kf2 Bb6
16.Qa4 Nc5 17.Qc2 Bf5 18.Qd1 Rfd8 19.Qf1 Qh6 20.Qg2 Nd3+ 21.Bxd3 Rxd3 22.Nd5 Qe6
23.Nxb6 axb6 24.g4 Bxg4 25.Rg1 h5 26.h3 Rbd8 27.Kg3 Bf5 28.Kh2 g6 29.a4 Qc4
30.b3 Qxb3 31.Ra3 Qxa3 32.Bxa3 Rd2 33.Bb4 Rxg2+ 34.Kxg2 c5 35.Be1 Be4+ 36.Kf2 Ra8
37.Bc3 Rxa4 38.Rd1 Kf8 39.Rd7 Ke8 40.e6 fxe6 41.Rd6 b5 42.Rxe6+ Kd7 43.Re5 b6
44.Kg3 Bf5 45.Bd2 Re4 46.Rd5+ Kc6 47.Rd8 b4 48.h4 Kb5 49.Kf3 Re7 50.Ke2 Rd7
51.Rxd7 Bxd7 52.e4 Kc4  0-1

[Event "36th Olympiad"]
[Site "Calvia ESP"]
[Date "2004.10.18"]
[Round "4"]
[White "Bogdanovski,V"]
[Black "Romero Holmes,A"]
[Result "0-1"]
[WhiteElo "2443"]
[BlackElo "2514"]

1.d4 d5 2.c4 Nc6 3.Nc3 dxc4 4.Nf3 Nf6 5.e4 Bg4 6.Be3 e6 7.Bxc4 Bb4 8.Qd3 Bxc3+
9.bxc3 Bxf3 10.gxf3 Nh5 11.Rb1 Qf6 12.Qd1 O-O 13.Bf1 b6 14.Rg1 h6 15.e5 Qh4
16.f4 Ne7 17.Be2 Nd5 18.Kd2 Nhxf4 19.Rg3 Qxh2 20.Qg1 Qxg1 21.Rbxg1 Ng6 22.Bd3 Nde7
23.a4 Rad8 24.Kc2 Nf5 25.Bxf5 exf5 26.R3g2 f4 27.Bc1 Rfe8 28.Re1 c5 29.dxc5 bxc5
30.e6 Kh7 31.Ba3 Rc8  0-1

[Event "Essent Open"]
[Site "Hoogeveen NED"]
[Date "2004.10.18"]
[Round "4"]
[White "Grooten,H"]
[Black "Pruijssers,R"]
[Result "1-0"]
[WhiteElo "2391"]
[BlackElo "2295"]

1.d4 d5 2.c4 Nc6 3.cxd5 Qxd5 4.e3 e5 5.Nc3 Bb4 6.Bd2 Bxc3 7.Bxc3 exd4 8.Ne2 Bg4
9.f3 Be6 10.Nxd4 O-O-O 11.Qa4 Nge7 12.Nxc6 Nxc6 13.Qb5 Qd6 14.Be2 Qe7 15.Qa4 Qg5
16.Kf2 Rhe8 17.h4 Qh6 18.Rad1 Rxd1 19.Bxd1 Bd7 20.Qf4 Qxf4 21.exf4 f6 22.Bc2 Be6
23.Re1 Re7 24.Bxh7 Bxa2 25.Bf5+ Kb8 26.Be4 Nd8 27.h5 Nf7 28.b3 Nd6 29.Bc2 Rxe1
30.Kxe1 Kc8 31.g4 Kd7 32.h6 gxh6 33.Bxf6 c5 34.Bg7 Nf7 35.Kd2 c4 36.b4 Ke6
37.Kc3 b5 38.f5+ Ke7 39.Be4 Bb3 40.f6+ Ke6  1-0

[Event "4th Rohde Open"]
[Site "Sautron FRA"]
[Date "2004.10.25"]
[Round "3"]
[White "Gerard,N"]
[Black "Murie,E"]
[Result "1-0"]
[WhiteElo "2323"]
[BlackElo "2069"]

1.d4 d5 2.c4 Nc6 3.Nc3 dxc4 4.Nf3 Bg4 5.d5 Bxf3 6.exf3 Ne5 7.Bf4 Nd3+ 8.Bxd3 cxd3
9.Nb5 e5 10.Bxe5 Bb4+ 11.Kf1 Qe7 12.Bxg7 O-O-O 13.Qxd3 Qg5 14.Qc4 Ba5 15.Bxh8 Qxd5
16.Qxd5 Rxd5 17.Nc3 Rd2 18.Ne4 Rc2 19.g4  1-0

[Event "8th OIBM"]
[Site "Bad Wiessee GER"]
[Date "2004.11.01"]
[Round "3"]
[White "Sailer,W"]
[Black "Pirrot,D"]
[Result "0-1"]
[WhiteElo "2205"]
[BlackElo "2398"]

1.d4 d5 2.c4 Nc6 3.Nf3 Bg4 4.cxd5 Bxf3 5.gxf3 Qxd5 6.e3 e5 7.Nc3 Bb4 8.Bd2 Bxc3
9.bxc3 Qd6 10.f4 exf4 11.e4 Nge7 12.Qf3 Ng6 13.h4 h5 14.Rb1 O-O-O 15.Qe2 f3
16.Qb5 b6 17.Qf5+ Kb8 18.Qxf3 f5 19.exf5 Nge5 20.Qh3 Nxd4 21.cxd4 Qxd4 22.Rd1 Rhe8
23.Be2 Nd3+  0-1

[Event "8th OIBM"]
[Site "Bad Wiessee GER"]
[Date "2004.11.02"]
[Round "4"]
[White "Landa,K"]
[Black "Pirrot,D"]
[Result "1-0"]
[WhiteElo "2571"]
[BlackElo "2398"]

1.d4 d5 2.c4 Nc6 3.Nc3 dxc4 4.Nf3 Nf6 5.e4 Bg4 6.Be3 e6 7.Bxc4 Bb4 8.Qc2 O-O
9.O-O-O Bxc3 10.bxc3 Qe7 11.h3 Qa3+ 12.Qb2 Qxb2+ 13.Kxb2 Bh5 14.Bd3 Na5 15.Bg5 Nd7
16.g4 Bg6 17.Nh4 b5 18.Be7 Rfb8 19.Ka1 Nc6 20.Ba3 a5 21.f4 f6 22.d5 exd5
23.exd5 Na7 24.Nxg6 hxg6 25.d6 c6 26.Bxg6 b4 27.Bb2 c5 28.Be4 a4 29.cxb4 cxb4
30.Rhe1 a3 31.Bd4 Nb5 32.Bc6  1-0

[Event "8th OIBM"]
[Site "Bad Wiessee GER"]
[Date "2004.11.03"]
[Round "5"]
[White "Csiszar,C"]
[Black "Tolhuizen,L"]
[Result "1-0"]
[WhiteElo "2387"]
[BlackElo "2288"]

1.d4 d5 2.c4 Nc6 3.cxd5 Qxd5 4.e3 e5 5.Nc3 Bb4 6.Bd2 Bxc3 7.bxc3 Nf6 8.c4 Qd6
9.d5 Ne7 10.Qb3 a5 11.Nf3 O-O 12.Bc3 Ng6 13.Be2 Ne4 14.Bb2 Nc5 15.Qc2 Bd7
16.O-O f5 17.Ba3 b6 18.Nd4 exd4 19.exd4 f4 20.dxc5 bxc5 21.Kh1 Nh4 22.Bd3 Rf6
23.Bb2 Rh6 24.Qc3 Qf8 25.Rfe1 Nf5 26.Bxf5 Bxf5 27.Re5 Rg6 28.Rae1 Rb8 29.f3 Qf6
30.Qxa5 Qg5 31.Re8+ Rxe8 32.Rxe8+ Kf7 33.Re2 Qd8 34.Qxc5 Bd3 35.Re1 Rb6 36.Bxg7  1-0

[Event "TCh-SWE Elitserien 2004-5"]
[Site "Skara SWE"]
[Date "2004.11.05"]
[Round "1"]
[White "Brontz,A"]
[Black "Svenn,M"]
[Result "1-0"]
[WhiteElo "2245"]
[BlackElo "2175"]

1.d4 d5 2.c4 Nc6 3.Nc3 dxc4 4.e3 e5 5.d5 Nb8 6.e4 Nf6 7.Bxc4 Bc5 8.Nf3 O-O
9.Bg5 h6 10.Bh4 Bg4 11.h3 Bxf3 12.Qxf3 Nbd7 13.g4 a6 14.O-O-O b5 15.Bb3 Be7
16.Bg3 b4 17.Nb1 Nc5 18.Nd2 Nfd7 19.Bc4 Bd6 20.h4 g6 21.Qe3 Kg7 22.Rdf1 Qe7
23.Be2 Nb6 24.f4 exf4 25.Bxf4 Bxf4 26.Rxf4 Qe5 27.Rhf1 Nca4 28.Qb3 a5 29.Bb5 Nc5
30.Qe3 Nca4 31.Bxa4 Nxa4 32.Nc4 Qe7 33.Qd4+ Kg8 34.Rf6 Qc5 35.Qd3 Nb6 36.Rc6 Qb5
37.Qd4 Nxc4 38.Qxc4 Qxc4+ 39.Rxc4 Rae8 40.Rf6 Re7 41.Kd2 Rfe8 42.Kd3 Kg7
43.Rfc6 f5 44.gxf5 gxf5 45.exf5 Re3+ 46.Kd4 R8e4+ 47.Kc5 Rxc4+ 48.Kxc4 Re4+
49.Kc5 Rxh4 50.Rxc7+ Kf6 51.d6 Rh2 52.d7 Rd2 53.Kc6 h5 54.Rc8  1-0

[Event "V Open"]
[Site "Sauzal ESP"]
[Date "2004.11.06"]
[Round "3"]
[White "Lalic,B"]
[Black "Hernandez Basante,F"]
[Result "1-0"]
[WhiteElo "2515"]
[BlackElo "2283"]

1.d4 d5 2.c4 Nc6 3.Nc3 dxc4 4.Nf3 Bg4 5.d5 Bxf3 6.exf3 Ne5 7.Bf4 Ng6 8.Bg3 f5
9.f4 Qd6 10.Bxc4 O-O-O 11.O-O h5 12.h3 h4 13.Bh2 Kb8 14.Qc2 Nxf4 15.Nb5 Qh6
16.Bd3 Rd7 17.Bxf5 a6 18.Bxd7 axb5 19.a4 b4 20.a5 Nf6 21.a6 Nxd7 22.a7+  1-0

[Event "TCh-SWE Elitserien 2004-5"]
[Site "Skara SWE"]
[Date "2004.11.06"]
[Round "2"]
[White "Johansson,CF"]
[Black "Svenn,M"]
[Result "0-1"]
[WhiteElo "2225"]
[BlackElo "2175"]

1.d4 d5 2.c4 Nc6 3.Nc3 dxc4 4.Nf3 Nf6 5.e4 Bg4 6.Be3 e6 7.a3 Be7 8.Bxc4 O-O
9.e5 Nd5 10.Bxd5 exd5 11.Qb3 Be6 12.Qxb7 Qd7 13.Qa6 f6 14.h3 fxe5 15.dxe5 Rxf3
16.gxf3 Nxe5 17.O-O-O c6 18.Rhg1 Nxf3 19.Rg3 Rf8 20.Qe2 Nh4 21.Rdg1 Nf5 22.R3g2 Bf6
23.Bc5 Rb8 24.Rg4 Bf7 25.Qd2 Qc7 26.Qf4 Qb7 27.Bb4 Qc8 28.Bd6 Rb7 29.Be5 Bxe5
30.Qxe5 Bg6 31.Na4 Re7 32.Qc3 Qe6 33.Nc5 Qe2 34.Nd3 d4 35.Qd2 Qe6 36.Nf4 Qc4+
37.Kb1 Bf7 38.Qd3 Qa2+ 39.Kc1 Re5 40.Rg5 Rc5+ 41.Kd1 Qa1+ 42.Ke2 Qxb2+ 43.Kf3 Rc3
44.Rxf5 Rxd3+ 45.Nxd3 Qc2 46.Ke4 Bc4 47.Rf3 Bd5+  0-1

[Event "FSIM November"]
[Site "Budapest HUN"]
[Date "2004.11.14"]
[Round "9"]
[White "Solomons,D"]
[Black "Brustkern,J"]
[Result "0-1"]
[WhiteElo "2249"]
[BlackElo "2236"]

1.d4 d5 2.c4 Nc6 3.e3 e5 4.cxd5 Qxd5 5.Nc3 Bb4 6.Bd2 Bxc3 7.bxc3 Nf6 8.c4 Qd6
9.d5 Ne7 10.f3 e4 11.Qb3 c5 12.Ne2 O-O 13.Nc3 Qe5 14.O-O-O Nf5 15.g4 Nd6
16.f4 Qe7 17.h3 Bd7 18.Rh2 Rfb8 19.a4 a6 20.g5 Nfe8 21.Be1 b5 22.Rb2 Rb7
23.cxb5 c4 24.Bxc4 Rc8 25.Rd4 axb5 26.axb5 Bxb5 27.Bxb5 Nxb5 28.Rb4 Ned6
29.Kd1 Nxc3+ 30.Bxc3 Rbc7 31.Rb8 Nc4 32.Re2 Qd7 33.Ke1 Qxh3 34.Bd4 Qh1+ 35.Kf2 Qh2+
36.Kf1 Nd2+ 37.Rxd2 Qxd2 38.Rxc8+ Rxc8 39.Bb2 h5 40.g6 fxg6 41.d6+ Kh7 42.Qb7 Qd1+  0-1

[Event "Tch-FIN 2004-5"]
[Site "Finland FIN"]
[Date "2004.11.14"]
[Round "5"]
[White "Salo,H"]
[Black "Nivala,T"]
[Result "1-0"]
[WhiteElo "2263"]
[BlackElo "2210"]

1.d4 d5 2.c4 Nc6 3.Nc3 dxc4 4.Nf3 Bg4 5.d5 Bxf3 6.gxf3 Ne5 7.f4 Nd7 8.Qa4 a6
9.Qxc4 Nb6 10.Qb3 c6 11.dxc6 bxc6 12.Bg2 Qc7 13.Be3 Rb8 14.Rc1 e6 15.O-O Nf6
16.Na4 Nbd5 17.Qc4 Bd6 18.Qxc6+ Qxc6 19.Rxc6 Bxf4 20.Bxf4 Nxf4 21.e3 Nd3
22.Rxa6 Nb4 23.Rb6 Ke7 24.a3 Rxb6 25.Nxb6 Rb8 26.Nc4 Nd3 27.Rd1 Rb3 28.Bf1 Nc5
29.Rd2 Nfe4 30.Rc2 Na4 31.Be2 Nd6 32.Bd1 Rd3 33.Be2 Rb3 34.Bd1 Rd3 35.Nd2 Ne4
36.Nxe4 Rxd1+ 37.Kg2 Rb1 38.Rc7+ Kf8 39.b4 Rb3 40.Ra7 Nb2 41.Nd6 Rd3 42.Nxf7 Nc4
43.a4 Rd2 44.Kg3 h6 45.b5 Rd5 46.Rc7 Nb2 47.b6 Nxa4 48.b7  1-0

[Event "ch-CRO"]
[Site "Zagreb CRO"]
[Date "2004.11.17"]
[Round "2"]
[White "Jovanic,O"]
[Black "Fercec,N"]
[Result "1/2-1/2"]
[WhiteElo "2475"]
[BlackElo "2477"]

1.d4 d5 2.c4 Nc6 3.Nc3 dxc4 4.Nf3 Nf6 5.e4 Bg4 6.Be3 Bxf3 7.gxf3 e5 8.d5 Nb8
9.Bxc4 Nbd7 10.Qb3 Bc5 11.O-O-O Bxe3+ 12.fxe3 Rb8 13.Kb1 O-O 14.d6 c6 15.Bf1 b5
16.h4 Qb6 17.Ne2 c5 18.Ng3 c4 19.Qc3 g6 20.h5 Rfc8 21.hxg6 fxg6 22.f4 Qc5
23.b4 cxb3 24.Qxb3+ Kh8 25.Bh3 a5 26.Bxd7 a4 27.Qb2 Nxd7 28.Rd5 Qxe3 29.Rxe5 Nxe5
30.Qxe5+ Kg8 31.Qd5+ Kh8 32.Qe5+  1/2-1/2

[Event "TCh-AUT"]
[Site "Graz AUT"]
[Date "2004.11.21"]
[Round "3"]
[White "Gaertner,G"]
[Black "Kuba,G"]
[Result "1/2-1/2"]
[WhiteElo "2336"]
[BlackElo "2372"]

1.d4 d5 2.c4 Nc6 3.Nf3 Bg4 4.Nc3 e6 5.Bg5 Be7 6.Bxe7 Ngxe7 7.e3 O-O 8.Bd3 f5
9.a3 Kh8 10.Qc2 Bxf3 11.gxf3 e5 12.dxe5 dxc4 13.Be2 Nxe5 14.Rd1 Qe8 15.f4 Qc6
16.Rg1 N5g6 17.Qa4 Qxa4 18.Nxa4 b5 19.Nc5 Rad8 20.Ne6 Rxd1+ 21.Kxd1 Rc8 22.Kc2 c6
23.Bf3 Kg8 24.Rd1 Nf8 25.Nxf8 Kxf8 26.Rd7 a5 27.a4 Rb8 28.Ra7 bxa4 29.Rxa5 Rb4
30.Rc5 Kf7 31.Bxc6 Nxc6 32.Rxc6 g6 33.Rc7+ Kg8 34.h4 h5 35.Ra7 Kf8 36.Kc3 Rb3+
37.Kc2 Rb4 38.Rd7 Rb3 39.Ra7 Rb4 40.Kc3 Rb3+ 41.Kc2  1/2-1/2

[Event "Petrosian Mem Open"]
[Site "Yerevan ARM"]
[Date "2004.11.21"]
[Round "3"]
[White "Galojan,L"]
[Black "Danielian,E"]
[Result "1/2-1/2"]
[WhiteElo "2239"]
[BlackElo "2437"]


1.d4 d5 2.c4 Nc6 3.cxd5 Qxd5 4.e3 e5 5.Nc3 Bb4 6.a3 Bxc3+ 7.bxc3 Nf6 8.c4 Qd6
9.d5 Ne7 10.a4 c5 11.Ne2 Ng6 12.Bb2 O-O 13.Nc3 Bf5 14.Be2 Ne4 15.Nxe4 Bxe4
16.f3 Bf5 17.O-O f6 18.a5 Ne7 19.Bc3 Rfd8 20.Rf2 Qd7 21.g4 Bg6 22.h4 h5 23.Qf1 Re8
24.Qg2 Nc8 25.g5 Kh7 26.Kh2 Nd6 27.Rg1 f5 28.Ra1 f4 29.e4 Re7 30.Bf1 Rf8
31.Bd3 Qd8 32.Rfa2 Qc8 33.Re1 Kg8 34.Qb2 Rfe8 35.Bf1 Qc7 36.Qa1 Kh7 37.Ra3 Qd8  1/2-1/2

[Event "Acropolis WGM Open"]
[Site "Athens GRE"]
[Date "2004.11.23"]
[Round "8"]
[White "Socko,M"]
[Black "Foisor,C"]
[Result "0-1"]
[WhiteElo "2439"]
[BlackElo "2436"]

1.d4 d5 2.c4 Nc6 3.cxd5 Qxd5 4.e3 e5 5.Nc3 Bb4 6.Bd2 Bxc3 7.Bxc3 exd4 8.Ne2 Nf6
9.Nxd4 O-O 10.Nb5 Qg5 11.Nxc7 Bg4 12.Qb3 Rad8 13.Qxb7 Rd6 14.Qb5 Qg6 15.Be2 Bxe2
16.Qxe2 Qxg2 17.Qf1 Qf3 18.Rg1 g6 19.Nb5 Re6 20.Qe2 Qf5 21.Rd1 Ne4 22.Nc7 Nxc3
23.bxc3 Re5 24.f4 Ra5 25.c4 Rb8 26.Nd5 Kf8 27.Kf2 Qh3 28.Rg2 Ne7 29.Nxe7 Qh4+
30.Kg1 Qxe7 31.Qd2 Ra3 32.Re2 Kg8 33.Qd6 Qxd6 34.Rxd6 Rb1+ 35.Kf2 Rc1 36.Rc6 Ra4
37.c5 Ra5 38.Rc8+ Kg7 39.c6 Ra6 40.c7 Rac6 41.Kf3 Rxc7 42.Rxc7 Rxc7 43.Rd2 Rc3
44.a4 Rc4 45.Rd4 Rc2 46.h3 Ra2 47.Rc4 h5 48.Rd4 a5 49.Rc4 Kf6 50.Re4 Ra1
51.Kg3 Kg7 52.Rd4 Kh6 53.Rc4 Ra3 54.Kf3 h4 55.Kg4 Rxe3 56.Kxh4 f5 57.Rd4 Rb3
58.Rc4 Rb4 59.Rc7 Rxf4+ 60.Kg3 Rxa4 61.h4 Rg4+ 62.Kh3 a4 63.Ra7 Rb4 64.Kg3 Rb3+
65.Kg2 a3 66.Ra8 Kh5 67.Ra6 Rb4 68.Rxa3 Rxh4 69.Ra6 Rb4 70.Kf3 g5 71.Ra5 Rb3+
72.Kf2 Kg4 73.Rc5 Rb2+ 74.Kf1 f4 75.Ra5 Kh4 76.Rf5 Rb4 77.Rc5 g4 78.Rc2 Rb1+
79.Kg2 f3+ 80.Kf2 Rh1 81.Rc4 Rh2+ 82.Kg1 Ra2 83.Rc1 Kh3 84.Rf1 Kg3 85.Rb1 Rg2+
86.Kh1 Rh2+ 87.Kg1 f2+  0-1

[Event "ch-CRO"]
[Site "Zagreb CRO"]
[Date "2004.11.23"]
[Round "8"]
[White "Kuljasevic,D"]
[Black "Fercec,N"]
[Result "0-1"]
[WhiteElo "2410"]
[BlackElo "2477"]

1.d4 d5 2.c4 Nc6 3.Nf3 Bg4 4.Nc3 e6 5.cxd5 exd5 6.Bf4 Bxf3 7.gxf3 Nf6 8.e3 Nh5
9.Bg3 Bb4 10.Bd3 O-O 11.Qb3 a5 12.Kf1 Ne7 13.a3 Bxc3 14.Qxc3 c6 15.Qc2 Kh8
16.f4 Qd7 17.f5 g6 18.f6 Ng8 19.Be5 Ngxf6 20.Rg1 Kg8 21.Ke2 Ng4 22.Bf5 gxf5
23.h3 f6 24.hxg4 fxg4 25.Bh2 Kh8 26.Rh1 Rae8 27.Rag1 Re4 28.Kd1 Rfe8 29.Bc7 Qxc7
30.Rxh5 R8e7 31.Kc1 Rg7 32.Kb1 Qf7 33.Rgh1 g3 34.fxg3 Rxe3 35.Qf2 Qe7 36.Ka2 b5
37.Rf5 Rf7 38.Rf3 Re2 39.Qf1 b4 40.Qd1 Qe4 41.Rhf1 bxa3 42.Rxa3 Rb7 43.Rb3 Rxb3
44.Kxb3 Kg7 45.Rf4 Qe3+ 46.Ka2 Qd2 47.Rg4+ Kf7 48.Qb3 Qb4 49.Qxb4 axb4 50.Rh4 Kg6
51.Rg4+ Kf5 52.Rh4 Re4 53.Rxh7 Rxd4 54.Rc7 Rc4 55.Kb3 Ke6 56.Rc8 f5 57.Re8+ Kd6
58.Rf8 Ke5 59.Re8+ Kf6 60.Rc8 Ke6  0-1

[Event "XXI WJun Women"]
[Site "Kochin IND"]
[Date "2004.11.27"]
[Round "11"]
[White "Sivasankari,P"]
[Black "Anuprita,P"]
[Result "1-0"]
[WhiteElo "2112"]
[BlackElo "2081"]

1.d4 d5 2.c4 Nc6 3.cxd5 Qxd5 4.Nf3 e5 5.Nc3 Bb4 6.Bd2 Bxc3 7.Bxc3 exd4 8.Nxd4 Nf6
9.Nxc6 Qxc6 10.Rc1 Qb6 11.e3 O-O 12.Bd3 Qd6 13.Qc2 Kh8 14.Bd4 Re8 15.O-O Ng4
16.Qxc7 Qh6 17.h3 Nf6 18.Qxf7 Be6 19.Qxb7 Nd5 20.Rc6 Ne7 21.Rd6 Rab8 22.Qe4 Ng8
23.Qf3 Rf8 24.Qg3 Rbe8 25.Bc4 Rf7 26.Rc1  1-0

[Event "17th Belgrade Trophy"]
[Site "Obrenovac SCG"]
[Date "2004.11.29"]
[Round "8"]
[White "Spiric,I"]
[Black "Krgovic,V"]
[Result "1-0"]
[WhiteElo "2293"]
[BlackElo "2152"]

1.d4 d5 2.c4 Nc6 3.Nc3 Nf6 4.cxd5 Nxd5 5.e4 Nxc3 6.bxc3 e5 7.d5 Nb8 8.Nf3 Bd6
9.Nd2 O-O 10.Bd3 Nd7 11.Nb3 f5 12.O-O f4 13.a4 Qh4 14.g3 Qh3 15.Qf3 Nc5 16.Nxc5 Bxc5
17.Ba3 Bxa3 18.Rxa3 Bg4 19.Qh1 f3 20.Rb1 Qh6 21.Bf1 b6 22.c4 Qg6 23.Re1 Rf7
24.h3 Bd7 25.Rxf3 Bxa4 26.Rxf7 Qxf7 27.Qg2 Bd7 28.f4 Qe7 29.Qb2 Re8 30.fxe5 Qxe5
31.Qxe5 Rxe5 32.Kf2 Kf8 33.Ke3 Ke7 34.Ra1 a5 35.c5 bxc5 36.Rxa5 Kd6 37.Ra6+ Ke7
38.Kf4 Rh5 39.h4 h6 40.Be2 g5+ 41.Ke3 g4 42.Kf4  1-0

[Event "Open"]
[Site "Porec HUN"]
[Date "2004.12.02"]
[Round "2"]
[White "Muslija,I"]
[Black "Fercec,N"]
[Result "0-1"]
[WhiteElo "2204"]
[BlackElo "2477"]

1.d4 d5 2.c4 Nc6 3.cxd5 Qxd5 4.Nf3 e5 5.Nc3 Bb4 6.Bd2 Bxc3 7.Bxc3 exd4 8.Nxd4 Nf6
9.f3 O-O 10.e4 Re8 11.Nxc6 Qxc6 12.Be2 Nxe4 13.fxe4 Qxe4 14.Kf1 Bf5 15.Bf3 Qe3
16.Be2 Rad8 17.Qe1 Bd3 18.Qf2 Qxe2+ 19.Kg1 Bb5 20.h3 Qxf2+ 21.Kxf2 Re2+ 22.Kf3 Rc2
23.Rhg1 Rd3+ 24.Ke4 Re2+ 25.Kf4 Rf2+ 26.Ke4 Re2+ 27.Kf4 f6 28.h4 Rf2+ 29.Ke4 Rg3
30.h5 Bc6+ 31.Kd4 Rf4+  0-1

[Event "Open"]
[Site "Porec HUN"]
[Date "2004.12.03"]
[Round "3"]
[White "Konic,Z"]
[Black "Muslija,I"]
[Result "0-1"]
[WhiteElo "2061"]
[BlackElo "2204"]

1.d4 d5 2.c4 Nc6 3.e3 Nf6 4.Nc3 g6 5.Be2 Bg7 6.Nf3 O-O 7.O-O Bf5 8.a3 a6
9.Re1 Qd6 10.c5 Qe6 11.b4 Ne4 12.Bb2 Rfd8 13.Rc1 Qf6 14.Nxe4 Bxe4 15.Qb3 g5
16.Nd2 Bf5 17.Nf1 Qh6 18.Ng3 Be6 19.Qd3 Bf6 20.Nf5 Qg6 21.g4 h5 22.h3 h4
23.Bf3 Bc8 24.e4 dxe4 25.Bxe4 Bxf5 26.gxf5 Qg7 27.Bxc6 bxc6 28.Ba1 Rd5 29.Re3 Qh7
30.Rf3 Qh5 31.Qe4 Kg7 32.Rd1 Rad8 33.Kg2 Kf8 34.a4 Kg7 35.Bc3 Kh8 36.Rfd3 Qh7
37.Rf3 e6 38.Qe2 Rxf5 39.Rdd3 Kg7 40.Rxf5 Qxf5 41.Rf3 Qd5 42.Qxa6 g4 43.hxg4 h3+
44.Kg3 Bh4+ 45.Kf4 Bg5+ 46.Kg3 h2 47.Qf1 Rh8 48.Qh1 f5 49.gxf5 exf5 50.b5 Rh4
51.b6 Rg4+ 52.Kh3 Rg1 53.bxc7 Rxh1 54.Rg3 Rg1  0-1

[Event "Open"]
[Site "Porec HUN"]
[Date "2004.12.05"]
[Round "7"]
[White "Doric,D"]
[Black "Fercec,N"]
[Result "1/2-1/2"]
[WhiteElo "2324"]
[BlackElo "2477"]

1.d4 d5 2.c4 Nc6 3.Nf3 Bg4 4.Nc3 e6 5.Bf4 Bb4 6.Ne5 Nxe5 7.Bxe5 Bxc3+ 8.bxc3 f6
9.Bg3 Ne7 10.Rb1 b6 11.Qa4+ c6 12.e3 O-O 13.Bd3 Qd7 14.Rc1 Bf5 15.Be2 a6
16.Qb3 b5  1/2-1/2

[Event "3rd Subasic Mem"]
[Site "Zenica BIH"]
[Date "2004.12.06"]
[Round "2"]
[White "Drasko,M"]
[Black "Jurkovic,H"]
[Result "1-0"]
[WhiteElo "2486"]
[BlackElo "2448"]

1.d4 d5 2.c4 Nc6 3.Nc3 dxc4 4.Nf3 Bg4 5.d5 Bxf3 6.exf3 Ne5 7.Bf4 Ng6 8.Bxc4 Nf6
9.Be3 a6 10.Qb3 b5 11.Be2 Rb8 12.Rd1 Qd6 13.a4 b4 14.Ne4 Nxe4 15.fxe4 Nf4
16.Bf3 e5 17.Rc1 Qd7 18.Bxf4 exf4 19.e5 Rb6 20.d6 Bxd6 21.a5  1-0

[Event "ch-GRE"]
[Site "Athens GRE"]
[Date "2004.12.08"]
[Round "5"]
[White "Mastrovasilis,A"]
[Black "Kapnisis,S"]
[Result "0-1"]
[WhiteElo "2502"]
[BlackElo "2435"]

1.d4 d5 2.c4 Nc6 3.cxd5 Qxd5 4.e3 e5 5.Nc3 Bb4 6.Bd2 Bxc3 7.Bxc3 exd4 8.Ne2 Nf6
9.Nxd4 O-O 10.Be2 Ne4 11.O-O Nxc3 12.bxc3 Ne5 13.Qb3 Qd6 14.Rfd1 Qe7 15.Rab1 Rd8
16.a4 b6 17.Qc2 Bb7 18.f3 Qg5 19.e4 Ng6 20.Bf1 h5 21.Qc1 Qe5 22.Qe3 Nf4 23.Kh1 g6
24.a5 c5 25.a6 Bd5 26.Nb5 f5 27.Rd2 Bc6 28.Rxd8+ Rxd8 29.Nxa7 Ba8 30.Nb5 fxe4
31.Re1 Re8 32.Kg1 Kh7 33.g3 Ne6 34.f4 Qd5 35.Be2 c4 36.Bxc4 Qxc4 37.Nd6 Qc6
38.Nxe8 Qxe8 39.Qxb6 Qd7 40.Qe3 Qc6 41.a7 Ng7 42.Rb1 Nf5 43.Qb6 Qxc3 44.Qb7+ Bxb7
45.Rxb7+ Kh6 46.a8=Q Qe1+ 47.Kg2 Ne3+  0-1

[Event "3rd Subasic Mem"]
[Site "Zenica BIH"]
[Date "2004.12.09"]
[Round "7"]
[White "Atalik,S"]
[Black "Jurkovic,H"]
[Result "1-0"]
[WhiteElo "2541"]
[BlackElo "2448"]

1.d4 d5 2.c4 Nc6 3.Nf3 Bg4 4.Nc3 e6 5.cxd5 exd5 6.Bf4 Bxf3 7.gxf3 Bd6 8.Bg3 Nge7
9.e3 h5 10.a3 h4 11.Bxd6 Qxd6 12.Bh3 a6 13.f4 Nd8 14.Qb3 Rh6 15.Rg1 Kf8 16.O-O-O Ndc6
17.Rg5 Na5 18.Qb4 Qxb4 19.axb4 Nac6 20.Nxd5 Nxd5 21.Rxd5 Nxb4 22.Rd7 Rc6+
23.Kb1 a5 24.Bg2 Rc2 25.Bd5 Ke8 26.Rxf7 Rxf2 27.Be6 Ra6 28.f5 Rc6 29.Rxg7 Rcc2
30.Rdg1 Rxb2+ 31.Ka1 Rbd2 32.Rxc7 Nc2+ 33.Kb1 Na3+ 34.Kc1 Rc2+ 35.Rxc2 Rxc2+
36.Kd1 Ke7 37.Rg7+ Kf6 38.Rg6+ Ke7 39.d5 Rf2 40.Ke1 Rxh2 41.f6+ Kd6 42.f7  1-0

[Event "FSIM December"]
[Site "Budapest HUN"]
[Date "2004.12.14"]
[Round "11"]
[White "Issakainen,A"]
[Black "Zaragatski,I"]
[Result "1/2-1/2"]
[WhiteElo "2230"]
[BlackElo "2334"]

1.d4 d5 2.c4 Nc6 3.Nc3 dxc4 4.Nf3 Nf6 5.e4 Bg4 6.Be3 e6 7.Bxc4 Bb4 8.Qc2 O-O
9.Rd1 Qe7 10.Be2 e5 11.d5 Nd4 12.Nxd4 exd4 13.Rxd4 Bxe2 14.Kxe2 Ng4 15.Nd1 Rae8
16.h3 Nxe3 17.Nxe3 f5 18.g4 Bc5 19.d6 cxd6 20.Nxf5 Qf6 21.Rd5 g6 22.b4 Bb6
23.Rxd6 Qe5 24.Qc4+ Kh8 25.Rd5 Qxe4+ 26.Qxe4 Rxe4+ 27.Ne3 Rxb4 28.Rhd1 Rb2+
29.R1d2 Rxd2+ 30.Rxd2 Rd8 31.Rxd8+ Bxd8 32.Nd5 Kg7 33.Kd3 Kf7 34.f4 b5  1/2-1/2

[Event "21st Open"]
[Site "Boeblinger GER"]
[Date "2004.12.28"]
[Round "5"]
[White "Jaracz,P"]
[Black "Ortmann,D"]
[Result "1/2-1/2"]
[WhiteElo "2531"]
[BlackElo "2261"]

1.d4 d5 2.c4 Nc6 3.cxd5 Qxd5 4.Nf3 e5 5.Nc3 Bb4 6.a3 Bxc3+ 7.bxc3 e4 8.Nd2 Nf6
9.e3 Qg5 10.Rb1 a6 11.h3 h5 12.Qe2 O-O 13.g3  1/2-1/2

[Event "21st Open"]
[Site "Boeblinger GER"]
[Date "2004.12.28"]
[Round "5"]
[White "Behm,S"]
[Black "Schneider,Il"]
[Result "1/2-1/2"]
[WhiteElo "2173"]
[BlackElo "2356"]

1.d4 d5 2.c4 Nc6 3.cxd5 Qxd5 4.e3 e5 5.Nc3 Bb4 6.Bd2 Bxc3 7.Bxc3 exd4 8.Ne2 Nf6
9.Nxd4 O-O 10.Nb5 Qg5 11.h4 Qh6 12.Qf3 Bg4 13.Qg3 Rad8 14.Bc4 Bc8 15.Qg5 Qxg5
16.hxg5 Ne4 17.Nxc7 Nxg5 18.f3 a6  1/2-1/2

[Event "21st Open"]
[Site "Boeblinger GER"]
[Date "2004.12.29"]
[Round "7"]
[White "Fahnenschmidt,G"]
[Black "Schaefer,Mi1"]
[Result "0-1"]
[WhiteElo "2162"]
[BlackElo "2192"]

1.d4 d5 2.c4 Nc6 3.Nc3 dxc4 4.d5 Ne5 5.Bf4 Ng6 6.Bg3 a6 7.a4 e5 8.e4 Nf6
9.Bxc4 Bd6 10.h4 h6 11.Nge2 Nh5 12.Qd3 Qf6 13.O-O-O Bd7 14.Kb1 O-O 15.Nc1 Rfb8
16.Rdf1 Qe7 17.Qf3 Nf6 18.h5 Bg4 19.Qe3 Nxh5 20.Nd3 Nxg3 21.Qxg3 Bd7 22.Nd1 Qe8
23.Ne3 b5 24.axb5 Bxb5 25.Rc1 Bd7 26.Nf5 Bxf5 27.exf5 e4 28.Qe3 Nf8 29.f6 exd3
30.fxg7 Nh7 31.Qxh6 Qe4 32.Rh4 Qg6 33.Rch1 Qxh6 34.Rxh6 Ng5 35.Bxd3 Kxg7
36.R6h5 f6 37.g3 Rh8 38.f4 Rxh5 39.Rxh5 Nf3 40.Rh7+ Kg8 41.Rd7 Nd4 42.Bh7+ Kh8
43.Bd3 a5 44.Kc1 Re8 45.Rh7+ Kg8 46.Rh1 Re3 47.Bh7+ Kg7 48.f5 Bxg3 49.Bg6 Re1+
50.Rxe1 Bxe1 51.Kd1 Bb4 52.Kc1 Kh6 53.Kb1 Kg5 54.Ka2 Kf4 55.b3 Ke5 56.Kb2 Kxd5
57.Ka2 Ke5 58.Kb2 Nxf5 59.Kc2 Nd4+ 60.Kd3 Nxb3 61.Bh5 Nd4 62.Be8 c6 63.Kc4 f5
64.Bh5 Ke4 65.Bg6 Ke3 66.Bh7 f4 67.Be4 f3 68.Bd3 Ne2 69.Bf5 Nf4 70.Kb3 f2
71.Bd3 Kxd3 72.Ka2 f1=Q 73.Kb2 Qe2+ 74.Kb3 Qc2+  0-1